| 000 | 01954nam0a2200421 4500 | ||
|---|---|---|---|
| 001 | RU\NLR\BIBL_A\012537198 | ||
| 005 | 20240312111353.0 | ||
| 010 |
_a978-5-6042059-8-3 _91000 |
||
| 021 |
_aRU _bКН-П-21-003566 _9КН-П-21-0275 |
||
| 035 | _a(NLR Aleph) 012537198 | ||
| 035 | _a(RuMoRGB)010559884 | ||
| 090 |
_a12389360 _c12389360 |
||
| 100 | _a20210604d2020 m y0rusy50 ca | ||
| 101 | 0 | _arus | |
| 102 | _aRU | ||
| 105 | _aac z 000zy | ||
| 181 | 0 |
_ai _baxxe |
|
| 182 | 0 | _an | |
| 200 | 1 |
_aКонструктивизм _dConstructivism _fОльга Орельская _zeng |
|
| 203 |
_aТекст _bвизуальный _cнепосредственный |
||
| 210 |
_aНижний Новгород _cБегемотНН _d2020 |
||
| 215 |
_a249, [6] с. _cил., цв. ил., портр. _d28 |
||
| 225 | 1 |
_aСтили в архитектуре Нижнего Новгорода _vвып. 4 |
|
| 300 | _aАвт. также на англ. яз.: Olga Orelskaya | ||
| 320 | _aБиблиогр.: с. 225-229 (137 назв.) | ||
| 510 | 1 |
_6z45790 _aConstructivism _zeng |
|
| 606 | 1 |
_aКонструктивизм _xв архитектуре _yНижний Новгород, город _92482052 _3RU\NLR\AUTH\6601689898 |
|
| 686 | 1 | _aЩ113(2Р=Рус)7-92Нижний Новгород | |
| 686 | 1 | _aЩ113(2Р=Рус)7-239 | |
| 700 | 1 |
_7ca _8rus _aОрельская _bО. В. _f1951- _gОльга Владимировна _9150545 _3RU\NLR\AUTH\770150582 |
|
| 790 | 1 |
_6z45510 _7ba _8rus _aOrel'skaja _bO. V. _f1951- _gOl'ga Vladimirovna _9150547 _3RU\NLR\AUTH\770150584 |
|
| 856 | 4 |
_lVNP_SKP _tVIEW _uhttps://webservices.nlr.ru/viewer/file?name=a012537198_002.txt _yАннотация |
|
| 856 | 4 | 1 |
_lVNP_SKP _tVIEW _uhttps://webservices.nlr.ru/viewer/file?name=t012537198_001.jpg _yОбложка |
| 942 | _cBOOK | ||
| 980 | _aNBR | ||
| 980 | _aNB | ||